| 000 | 00859cam a22002893a 4500 | ||
|---|---|---|---|
| 001 | 1081 | ||
| 003 | PGUSA | ||
| 005 | 20140828082956.0 | ||
| 008 | 971001s1997||||xxu|||||s|||||000 1 eng d | ||
| 040 |
_aPGUSA _beng |
||
| 042 | _adc | ||
| 050 | 4 | _aPG | |
| 100 | 1 |
_aGogol, Nikolai Vasilevich, _d1809-1852 |
|
| 245 | 1 | 0 |
_aDead Souls _h[electronic resource] / _cNikolai Vasilevich Gogol |
| 260 |
_bProject Gutenberg, _c1997 |
||
| 506 | _aPublic domain in the USA. | ||
| 516 | _aElectronic text | ||
| 653 | _aRussia -- Social life and customs -- 1533-1917 -- Fiction | ||
| 653 | _aSwindlers and swindling -- Russia -- Fiction | ||
| 653 | _aHumorous stories | ||
| 653 | _aSatire | ||
| 700 | 1 | _aHogarth, D. J. | |
| 740 | 0 | _aMertvye dushi. English | |
| 830 | 0 |
_aProject Gutenberg _v1081 |
|
| 856 | 4 | 0 | _uhttp://www.gutenberg.org/ebooks/1081 |
| 942 | _cEB | ||
| 999 |
_c230429 _d230429 |
||